| 000 | 00581nam a22002057a 4500 | ||
|---|---|---|---|
| 999 |
_c6272 _d6272 |
||
| 003 | OSt | ||
| 005 | 20200129154403.0 | ||
| 008 | 190829b ||||| |||| 00| 0 eng d | ||
| 020 | _a027368549x | ||
| 040 | _cDDC. | ||
| 082 | _a330 ECO 2005 | ||
| 100 |
_aEdited by Griffiths,Alan;Wall,Stuart; _912886 |
||
| 245 |
_aEconomics for Business and Management. _bA student text. |
||
| 260 |
_aEngland. _bFT Prentice Hall. _c2005. |
||
| 300 |
_axiii,755p; _bcol,ill; _c23cm. |
||
| 504 | _aincludes index. | ||
| 650 |
_aEconomics. _9975 |
||
| 650 |
_aManagement _9364 |
||
| 942 |
_2ddc _cO_SHELF |
||